<?xml version="1.0" encoding="UTF-8"?>
<record
    xmlns:xsi="http://www.w3.org/2001/XMLSchema-instance"
    xsi:schemaLocation="http://www.loc.gov/MARC21/slim http://www.loc.gov/standards/marcxml/schema/MARC21slim.xsd"
    xmlns="http://www.loc.gov/MARC21/slim">

  <leader>02025nam a2200325   4500</leader>
  <controlfield tag="001">235</controlfield>
  <controlfield tag="003">OSt</controlfield>
  <controlfield tag="005">20250528074015.0</controlfield>
  <controlfield tag="008">250205b        |||||||g |||| 00| 1 eng d</controlfield>
  <datafield tag="020" ind1=" " ind2=" ">
    <subfield code="a">978858041550</subfield>
  </datafield>
  <datafield tag="040" ind1=" " ind2=" ">
    <subfield code="b">por</subfield>
  </datafield>
  <datafield tag="041" ind1=" " ind2=" ">
    <subfield code="h">eng</subfield>
    <subfield code="a">por</subfield>
  </datafield>
  <datafield tag="082" ind1=" " ind2=" ">
    <subfield code="a">813</subfield>
    <subfield code="b">F299m</subfield>
  </datafield>
  <datafield tag="100" ind1=" " ind2=" ">
    <subfield code="a">Feist, Raymond E.</subfield>
    <subfield code="d">1945-</subfield>
    <subfield code="9">441</subfield>
  </datafield>
  <datafield tag="240" ind1=" " ind2=" ">
    <subfield code="a">Magician: apprentice</subfield>
  </datafield>
  <datafield tag="245" ind1=" " ind2=" ">
    <subfield code="a">Mago:</subfield>
    <subfield code="b"> Aprendiz /</subfield>
    <subfield code="c">Feist, Raymond E. ; Tradu&#xE7;&#xE3;o de Cristina Correia</subfield>
  </datafield>
  <datafield tag="260" ind1=" " ind2=" ">
    <subfield code="a">S&#xE3;o Paulo</subfield>
    <subfield code="b">Arqueiro</subfield>
    <subfield code="c">2016</subfield>
  </datafield>
  <datafield tag="300" ind1=" " ind2=" ">
    <subfield code="a">414 p.</subfield>
  </datafield>
  <datafield tag="490" ind1="1" ind2=" ">
    <subfield code="a">A saga do Mago</subfield>
    <subfield code="v">Livro 01</subfield>
  </datafield>
  <datafield tag="520" ind1=" " ind2=" ">
    <subfield code="a">''Um dos 100 melhores livros de todos os tempos.'' BBC

''Uma fantasia &#xE9;pica repleta de a&#xE7;&#xE3;o eletrizante e her&#xF3;is inesquec&#xED;veis.'' The Washington Post

Na fronteira do Reino das Ilhas existe uma vila tranquila chamada Crydee. &#xC9; l&#xE1; que vive Pug, um &#xF3;rf&#xE3;o franzino que sonha ser um guerreiro Destemido a servi&#xE7;o do rei. Mas a vida d&#xE1; voltas e Pug acaba se tornando aprendiz do misterioso mago Kulgan. Nesse dia, o destino de dois mundos se altera para sempre.

Com sua coragem, Pug conquista um lugar na corte e no cora&#xE7;&#xE3;o de uma princesa, mas subitamente a paz do reino &#xE9; desfeita por misteriosos inimigos que devastam cidade ap&#xF3;s cidade. Ele, ent&#xE3;o, &#xE9; arrastado para o conflito e, sem saber, inicia uma odisseia pelo desconhecido: ter&#xE1; de dominar os poderes inimagin&#xE1;veis de uma nova e estranha forma de magia ou morrer.

Dividida em quatro livros, A Saga do Mago &#xE9; uma aventura sem igual, uma viagem por reinos distantes e ilhas misteriosas, onde conhecemos culturas ex&#xF3;ticas, aprendemos a amar e descobrimos o verdadeiro valor da amizade. E, no fim, tudo ser&#xE1; decidido na derradeira batalha entre as for&#xE7;as da Ordem e do Caos.</subfield>
  </datafield>
  <datafield tag="650" ind1=" " ind2="0">
    <subfield code="a">Literatura Americana</subfield>
    <subfield code="9">84</subfield>
  </datafield>
  <datafield tag="650" ind1=" " ind2="0">
    <subfield code="a">Fantasia</subfield>
    <subfield code="9">45</subfield>
  </datafield>
  <datafield tag="650" ind1=" " ind2="0">
    <subfield code="a">Aventura</subfield>
    <subfield code="9">47</subfield>
  </datafield>
  <datafield tag="650" ind1=" " ind2="0">
    <subfield code="a">Seres m&#xE1;gicos </subfield>
    <subfield code="9">46</subfield>
  </datafield>
  <datafield tag="655" ind1=" " ind2="0">
    <subfield code="a">Romance</subfield>
    <subfield code="9">23</subfield>
  </datafield>
  <datafield tag="655" ind1=" " ind2="0">
    <subfield code="a">Fic&#xE7;&#xE3;o </subfield>
    <subfield code="9">22</subfield>
  </datafield>
  <datafield tag="700" ind1=" " ind2=" ">
    <subfield code="a">Cristina Correia</subfield>
    <subfield code="e">Tradutor</subfield>
    <subfield code="9">442</subfield>
  </datafield>
  <datafield tag="830" ind1=" " ind2=" ">
    <subfield code="a">A saga do Mago</subfield>
    <subfield code="v">Livro 01</subfield>
    <subfield code="9">443</subfield>
  </datafield>
  <datafield tag="942" ind1=" " ind2=" ">
    <subfield code="2">ddc</subfield>
    <subfield code="n">0</subfield>
    <subfield code="c">BK</subfield>
  </datafield>
  <datafield tag="952" ind1=" " ind2=" ">
    <subfield code="0">0</subfield>
    <subfield code="1">0</subfield>
    <subfield code="2">ddc</subfield>
    <subfield code="3">vol. 01</subfield>
    <subfield code="4">0</subfield>
    <subfield code="7">0</subfield>
    <subfield code="8">FIC</subfield>
    <subfield code="a">BIBIB</subfield>
    <subfield code="b">BIBIB</subfield>
    <subfield code="c">LE</subfield>
    <subfield code="d">2022-03-14</subfield>
    <subfield code="e">doa&#xE7;&#xE3;o</subfield>
    <subfield code="l">0</subfield>
    <subfield code="o">813 / F299m</subfield>
    <subfield code="p">2025-16570</subfield>
    <subfield code="r">2025-02-05 07:48:19</subfield>
    <subfield code="w">2025-02-05</subfield>
    <subfield code="y">BK</subfield>
  </datafield>
  <datafield tag="999" ind1=" " ind2=" ">
    <subfield code="c">235</subfield>
    <subfield code="d">235</subfield>
  </datafield>
</record>
